| 000 | 00907nam a2200229Ia 4500 | ||
|---|---|---|---|
| 003 | GCL | ||
| 008 | 140319s9999 xx 000 0 ara d | ||
| 040 |
_aGCL / _cGCL |
||
| 082 | 0 | 4 |
_a923.1 _bهـ ف |
| 100 | 1 | _aهادى حسن عليوى | |
| 245 | 1 | 0 |
_aفيصل بن الحسين مؤسس الحكم العربى فى سورية والعراق 1883 - 1933 / _cهادى حسن عليوى |
| 260 |
_aبيروت : _bرياض الريس للكتب والنشر ، _c2003 |
||
| 300 |
_a347 ص ؛ _c22 سم |
||
| 650 | 0 | 4 | _aالعراق |
| 650 | 0 | 4 | _aالملوك والحكام - تراجم |
| 650 | 0 | 4 | _aسوريا - تاريخ - العصر الحديث |
| 650 | 0 | 4 | _aالعراق - تاريخ -العصر الحديث |
| 650 | 0 | 4 | _aفيصل بن الحسين |
| 650 | 0 | 4 | _aحسين الاول |
| 650 | 0 | 4 | _aالعراق - تاريخ - العصر الحديث - فيصل الاول |
| 942 |
_2ddc _cBK |
||
| 999 |
_c6418 _d6418 |
||